Равномерные численные методы решения задач с пограничным слоем: пер. с англ.

Manylion Llyfryddiaeth
Prif Awdur: Дулан Э.
Awduron Eraill: Миллер Дж., Шилдерс У.
Iaith:Rwseg
Cyhoeddwyd: Москва, Мир, 1983
Pynciau:
Fformat: MixedMaterials Llyfr
KOHA link:https://koha.lib.tpu.ru/cgi-bin/koha/opac-detail.pl?biblionumber=295733

MARC

LEADER 00000nam0a2200000 4500
001 295733
005 20231102000834.0
035 |a (RuTPU)RU\TPU\book\320822 
090 |a 295733 
100 |a 20150525d1983 km y0rusy50 ca 
101 1 |a rus  |c eng 
102 |a RU 
105 |a a z 001zy 
200 1 |a Равномерные численные методы решения задач с пограничным слоем  |e пер. с англ.  |f Э. Дулан, Дж. Миллер, У. Шилдерс 
210 |a Москва  |c Мир  |d 1983 
215 |a 200 с.  |c ил. 
320 |a Библиогр.: с. 186-198 
320 |a Обозначения и термины: с. 183-185 
606 1 |a Пограничный слой  |x Математическая теория  |2 stltpush  |3 (RuTPU)RU\TPU\subj\71675  |9 85466 
610 1 |a данные 
610 1 |a краевые задачи 
610 1 |a численные результаты 
610 1 |a обыкновенные дифференциальные уравнения 
610 1 |a производные 
675 |a 532.526  |v 4 
700 1 |a Дулан  |b Э. 
701 1 |a Миллер  |b Дж. 
701 1 |a Шилдерс  |b У. 
801 1 |a RU  |b 63413507  |c 20150525 
801 2 |a RU  |b 63413507  |c 20181010  |g RCR 
942 |c BK